000 01326nam0a2200325 4500
001 RU\NLR\BIBL_A\011398174
005 20240922035421.0
010 _a9785001996466
_95000
021 _aRU
_b2017-34586
_92541
035 _a(RuMoRGB)008884328
035 _a(NLR Aleph) 011398174
090 _a11492095
_c11492095
100 _a20170602d2017 c y0rusy50 ca
101 1 _arus
_cger
102 _aRU
105 _aa z 000ay
200 1 _aКарл Мопс
_eновые приключения
_e[для чтения взрослыми детям]
_fФабиола Нонн, Лукас Вейденбах, Жоэль Турлониас
_g[перевод с немецкого Ольги Бычковой]
210 _aМосква
_cМанн, Иванов и Фербер
_cМИФ Детство
_d2017
215 _a[25] с.
_cцв. ил.
_d22x27
333 _a0+
686 _aШ9(2)70(4Ф)
_2rubbk
686 0 _aШ9(4Г)60-4
700 1 _7ca
_8rus
_aНонн
_bФ.
_f1989-
_gФабиола
_9168790
_3RU\NLR\AUTH\770168840
701 1 _aВейденбах
_bЛ.
_f1983-
_gЛукас
_9168793
_3RU\NLR\AUTH\770168843
701 1 _7ca
_8rus
_aТурлонья
_bЖ.
_f1985-
_gЖоэль
_9153828
_3RU\NLR\AUTH\770153866
942 _cBOOK
980 _aNBR